2008 yılı merkezi yönetim bütçe kanunu tasarısı ile 2006 mali yılı merkezi yönetim kesinhesap kanunu tasarısının plan ve bütçe komisyonu görüşme tutanakları (Record no. 1331)

MARC details
000 -BAŞLIK
Sabit Uzunlukta Kontrol Alanı 01232na a2200217 4500
001 - KONTROL NUMARASI
Denetim Alanı 21851
003 - KONTROL NUMARASI IDENTIFIER
Denetim Alanı MIRAKIL
005 - SON İŞLEM TARİHİ VE ZAMANI
Denetim Alanı 20181213154819.0
008 - SABİT-BOY VERİ ELEMANLARI - GENEL BİLGİLER
Sabit Uzunlukta Kontrol Alanı 170208b tu 000 0
040 ## - KATALOGLAMA KAYNAK
Orijinal Kataloglama Ajansı Milas
Kataloglama Dili tur
Metne Dönüştürmek Ajansı TR-AnCHP
041 ## - DİL KODU
Metin / Ses Parça Veya Ayrı Başlığın Dil Kodu tur
082 ## - DEWEY ONLU SINIFLANDIRMA NUMARASI
Sınıflandırma Numarası 351.7222
Ürün Numarası B27i 2008
090 ## - SINIFLAMA NUMARASI
Sınıflama Numarası 351.7222 B27i 2008
110 ## - ANA GİRİŞ - KURUMSAL ADI
Giriş Elemanı Olarak Kurumsal Ad Veya Yargı Alanı Adı Başbakanlık
245 ## - BAŞLIK TABLOSU
Başlık 2008 yılı merkezi yönetim bütçe kanunu tasarısı ile 2006 mali yılı merkezi yönetim kesinhesap kanunu tasarısının plan ve bütçe komisyonu görüşme tutanakları
260 ## - YAYIN, DAĞITIM, VB
Yayın, Dağıtım, Vb Yeri [Ankara]
Yayıncı, Dağıtıcı, Vs Adı [yayl. y.]
Yayın, Dağıtım, Vb Tarihi 2007
300 ## - FİZİKSEL TANIM
Kapsam 96 s.
Boyutlar 23 sm.
505 ## - BİÇİMLENDİRİLDİ İÇİNDEKİLER NOT
Biçimlendirilmiş İçeriği Dikkat Başbaknlık, Milli İstihbarat Teşkilatı Müsteşarlığı, Milli Güvenlik Kurulu Genel Sekreterliği, Atatürk Kültür, Dil ve Tarih Yüksek Kurumu Başkanlığı, Türkiye Bilimsel ve Teknolojik Araştırma Kurumu Başkanlığı, Türkiye Bilimler Akademisi Başkanlığı, Basın- Yayın Enformasyon Genel Müdürlüğü, Sosyal Hizmetler ve Çocuk Esirgeme Kurumu Genel Müdürlüğü, Özürlüler İdaresi Başkanlığı, Aile ve Sosyal Araştırmalar Genel Müdürlüğü, Kadının Statüsü Genel Müdürlüğü
610 ## - KONU KATMA GİRİŞ - TOPLANTI ADI
Giriş Elemanı Olarak Kurumsal Ad Veya Yargı Alanı Adı Başbakanlık
Genel Alt Bölüm Bütçe Komisyonu
Kronolojik Alt Bölüm Tutanaklar, 2008
942 ## - EKLENDİ GİRİŞ ELEMANLARI (KOHA)
Sınıflandırma Veya Raf Düzeni Kaynak Dewey Decimal Classification
Koha Öğesi Türü Books
999 ## - SİSTEM KONTROL NUMARALARI (KOHA)
Koha Biblionumber 1331
Koha Biblioitemnumber 1331
Holdings
Kalıcı Konum Mevcut Konum Edinme Tarihi Edinim Kaynak Toplam Check-Out'Lar Tam Çağrı Numarası Barkod Tarih Son Görülme İtibaren Geçerli Fiyatlar Koha Öğesi Türü
CHP Kütüphanesi CHP Kütüphanesi 02/08/2017 Bağış   351.7222 B27i 2008 012326 02/08/2017 02/08/2017 Books